000
00249nam a2200097Ia 4500
001
991716
005
20250826221335.0
008
250824s9999 xx 000 0 und d
245
0
_a
KRAL KAYBEDERSE
_c
GÜLSEREN BUDAYICIOĞLU
260
_b
REMZİ KİTABEVİ
999
_c
991716
_d
991716